| 000 | 00894cam a22002294a 4500 | ||
|---|---|---|---|
| 005 | 20250605164220.0 | ||
| 008 | 250528s ||||||||||||||||||||||||d | ||
| 035 | _a20621 | ||
| 020 | _a750609702 | ||
| 040 |
_aGR-AtMCL _bgre _dGR-AtMCL _eAACR2 |
||
| 245 | 1 | _aAnatomy and Human Movement / Structure and Function: Second Edition | |
| 250 | _a2nd | ||
| 260 |
_bButterworth Heinemann, _c1994 |
||
| 300 | _a902 | ||
| 520 | _aSchools of physiotherapy should give serious consideration to prescibing this book as their standard anatomy textbook. Preface, Terminology, Embryology, Skin and Its Appendages and Special Senses, The Upper Limb, The Lower Limb, The Head and Neck and Trunk, The Nervous System, Acknowledgements, Index. | ||
| 700 | 1 |
_aField Derek _96215 |
|
| 700 | 1 |
_aPalastanga Nigel _96169 |
|
| 700 | 1 |
_aSoames Roger _96216 |
|
| 942 | _cBK | ||
| 999 |
_c5712 _d5712 |
||